Welcome to the Holygrace Academy Library

Please use search bar below to get started

SECRET PRINCESSES (Record no. 8025)

MARC details
000 -LEADER
fixed length control field 00314nam a22001337a 4500
020 ## - INTERNATIONAL STANDARD BOOK NUMBER
ISBN 13579108642
082 ## - DEWEY DECIMAL CLASSIFICATION NUMBER
Classification number 823
Item number BAN/S
100 ## - MAIN ENTRY--AUTHOR NAME
Personal name BANKS, ROSIE
245 ## - TITLE STATEMENT
Title SECRET PRINCESSES
260 ## - PUBLICATION, DISTRIBUTION, ETC. (IMPRINT)
Place of publication UNITED KINGDOM
Name of publisher ORCHARD BOOKS
Year of publication 2016
300 ## - PHYSICAL DESCRIPTION
Number of Pages 60
650 ## - SUBJECT ADDED ENTRY--TOPICAL TERM
Topical Term CHILDRENS STORY BOOK
Geographic subdivision UNITED KINGDOM
942 ## - ADDED ENTRY ELEMENTS (KOHA)
Koha item type Books
Holdings
Withdrawn status Lost status Collection code Home library Current library Shelving location Date acquired Source of acquisition Full call number Accession Number Koha item type
    Fiction Main Library Main Library SHELF 4-H HARDY BOYS,CAPTAIN UNDERPANTHS,TALES FOR CHILDREN 19/07/2019 purchase 823 BAN/S 11370 Books